Численное моделирование комплекса теплофизических и термохимических процессов при вулканизации кабельных изделий; Тепловые процессы в технике; № 4

Dades bibliogràfiques
Parent link:Тепловые процессы в технике.— , 2009-
№ 4.— 2011.— С. 187-192
Autor principal: Иванова Е. В. Евгения Владимировна
Altres autors: Стрижак П. А. Павел Александрович
Sumari:Выполнено численное моделирование комплекса взаимосвязанных процессов тепломассопереноса и полимеризации, протекающих при вулканизации типичного кабельного изделия. Проанализировано влияние конфигурации кабеля, конвективного теплообмена с внешней средой, а также эффекта полимеризации на условия его прогрева. Установлены зависимости времени завершения полимеризации оболочки кабельного изделия от температуры воздуха в нагревательной печи и ее характерных размеров.
В фонде НТБ ТПУ отсутствует
Idioma:rus
Publicat: 2011
Matèries:
Format: MixedMaterials Capítol de llibre
KOHA link:https://koha.lib.tpu.ru/cgi-bin/koha/opac-detail.pl?biblionumber=599277

MARC

LEADER 00000naa0a2200000 4500
001 599277
005 20250417161127.0
035 |a (RuTPU)RU\TPU\tpu\23231 
035 |a RU\TPU\tpu\23230 
090 |a 599277 
100 |a 20130528d2012 k||y0rusy50 ca 
101 0 |a rus 
102 |a RU 
200 1 |a Численное моделирование комплекса теплофизических и термохимических процессов при вулканизации кабельных изделий  |f Е. В. Иванова, П. А. Стрижак 
330 |a Выполнено численное моделирование комплекса взаимосвязанных процессов тепломассопереноса и полимеризации, протекающих при вулканизации типичного кабельного изделия. Проанализировано влияние конфигурации кабеля, конвективного теплообмена с внешней средой, а также эффекта полимеризации на условия его прогрева. Установлены зависимости времени завершения полимеризации оболочки кабельного изделия от температуры воздуха в нагревательной печи и ее характерных размеров. 
333 |a В фонде НТБ ТПУ отсутствует 
461 |t Тепловые процессы в технике  |d 2009- 
463 |t № 4  |v С. 187-192  |d 2011 
610 1 |a труды учёных ТПУ 
700 1 |a Иванова  |b Е. В.  |c специалист в области автоматизации технологических процессов и производств  |c доцент Томского политехнического университета, кандидат физико-математических наук  |f 1984-  |g Евгения Владимировна  |3 (RuTPU)RU\TPU\pers\26453  |9 12156 
701 1 |a Стрижак  |b П. А.  |c специалист в области теплоэнергетики  |c профессор Томского политехнического университета, доктор физико-математических наук  |f 1985-  |g Павел Александрович  |3 (RuTPU)RU\TPU\pers\25983  |4 070  |9 11832 
801 1 |a RU  |b 63413507  |c 20130527 
801 2 |a RU  |b 63413507  |c 20130528  |g RCR 
850 |a 63413507 
942 |c CR